Hazardous waste warning to businesses (Record no. 117142)

MARC details
000 -LEADER
fixed length control field 00982cam a2200217 4500
001 - CONTROL NUMBER
control field WB4012-05
008 - FIXED-LENGTH DATA ELEMENTS--GENERAL INFORMATION
fixed length control field 040325n2004 000 0 eng u
035 ## - SYSTEM CONTROL NUMBER
System control number (Sirsi) u125586
245 ## - TITLE STATEMENT
Title Hazardous waste warning to businesses
260 ## - PUBLICATION, DISTRIBUTION, ETC.
Date of publication, distribution, etc. 2004
490 ## - SERIES STATEMENT
Series statement National Assembly for Wales Press Release
Volume/sequential designation 25 March 2004 (1)
520 ## - SUMMARY, ETC.
Summary, etc. The Welsh Environment Minister has launched an information campaign to encourage industry and business to initiate schemes to meet new waste disposal challenges. This is accompanied by an industry wide leaflet, which provides a summary of the key issues and clear direction on where to go for help. http://www.wales.gov.uk/servlet/PressReleaseByDate Servlet?area_code=37E752F2000942E000000A2E00000000 &document_code=N0000000000000000000000000019344
590 ## - LOCAL NOTE (RLIN)
Local note WB
590 ## - LOCAL NOTE (RLIN)
Local note WB
650 ## - SUBJECT ADDED ENTRY--TOPICAL TERM
Topical term or geographic name entry element WASTE DISPOSAL
650 ## - SUBJECT ADDED ENTRY--TOPICAL TERM
Topical term or geographic name entry element WALES
650 ## - SUBJECT ADDED ENTRY--TOPICAL TERM
Topical term or geographic name entry element HAZARDOUS WASTE
650 ## - SUBJECT ADDED ENTRY--TOPICAL TERM
Topical term or geographic name entry element LANDFILL
690 ## - LOCAL SUBJECT ADDED ENTRY--TOPICAL TERM (OCLC, RLIN)
Topical term or geographic name as entry element ENVIRONMENT
9 (RLIN) 6238
942 ## - ADDED ENTRY ELEMENTS (KOHA)
Suppress in OPAC 0
Holdings
Withdrawn status Lost status Source of classification or shelving scheme Damaged status Not for loan Home library Current library Shelving location Date acquired Total Checkouts Full call number Barcode Date last seen Copy number Price effective from Koha item type
    Dewey Decimal Classification     London London News article 25/03/2004   WB4012-05 125586-1001 06/08/2019 1 06/08/2019 News article